000 00603nam a2200229Ia 4500
003 OSt
005 20220928102323.0
006 a|||||r|||| 00| 0
007 ta
008 220927b |||||||| |||| 00| 0 eng d
024 _a52712
037 _cTextual
040 _aSDCL
_cSDCL
_beng
041 _2eng
_aeng
082 _aO15,3N364,1, M4
100 _aVerma Ravindra
_9397697
245 0 _aMaa aur ashwatthama.
260 _aNew Delhi
_bRajkamal Prakashan
_c1984
300 _a153p.
_ccm.
942 _hO15,3N364,1, M4
_cTEXL
_2CC
999 _c713509
_d713509